000 00617nam a2200217Ia 4500
005 20250508150225.0
008 008 250505s9999 xx 000 0 eng d
037 _aTextual
040 _aFEDL
_beng
_cFEDL
041 _aeng
_2eng
084 _a150.1932, MCD
_qFEDL
100 _aMcDougall William
_9762
245 0 _aEnergies of men: A study of the fundamentals of dynamic psychology
250 _a7th
260 _aLondon, UK
_bMethuen and Co. Ltd
_c1932
300 _axix,395p.
365 _aINR
_b8
650 _aPsychology
942 _cTEXL
_h150.1932, MCD
999 _c1322488
_d1322488